00334 a2200109 450000100060000008200110000610000390001724501020005626000340015830000090019250000230020187856 aPR 232 aNadeem Hussain Shah, Plt Off 14783 aPerformance prediction of six PAF fighters using ACDSbPerformance estimation of F-7 aircraft P-V aRisalpurbNUST Risalpurc2008 a48p. aBE Project Reports